000 00620nam a2200229 a 4500
001 000044907
003 DO-SdBNP
005 20240605095528.0
007 ta
008 240605s2005 dr 000 0 spa d
040 _aDO-SdBNP
_bspa
_cBNPHU
_erda
082 _222
_bN851
245 0 0 _aNormativa de la Academia Dominicana de la Historia.
264 _aSanto Domingo :
_bBúho,
_c2005
300 _a59 paginas. ;
_c22 cm.
336 _2rdacontent
_atexto
_btxt
337 _2rdamedia
_asin mediación
_bn
338 _2rdacarrier
_avolumen
_bnc
590 _aInventariado, 2024/DG
910 _aDG
942 _2ddc
_cLBS1
999 _c56782
_d56782